000 00603nam a2200217 a 4500
999 _c1432
_d1432
001 1432
003 BD-JhCC
005 20180417114026.0
008 171019s1993 bg p|||| |||| 00| 0 bem d
035 _a(BD-JhCC) 1432
040 _aBD-JhCC
_dBD-JhCC
041 _aben
082 _a577.54
_bMOM 1993
100 _aমোমেন, আবুল
245 _aমরুভূমি /
_cআবুল মোমেন
260 _aঢাকা :
_bসাহিত্য প্রকাশ,
_c1993
300 _a47 p. :
_bill,
_c22 cm
650 _aDescrt Ecology
942 _2ddc
_cBK